| 000 | 01258cam a22002413a 4500 | ||
|---|---|---|---|
| 001 | 13821 | ||
| 003 | PGUSA | ||
| 005 | 20140828083309.0 | ||
| 008 | 041021s2004||||xxu|||||s|||||000 1 eng d | ||
| 040 |
_aPGUSA _beng |
||
| 042 | _adc | ||
| 050 | 4 | _aPR | |
| 100 | 1 |
_aDunsany, Edward John Moreton Drax Plunkett, Baron, _d1878-1957 |
|
| 245 | 1 | 0 |
_aTales of Wonder _h[electronic resource] / _cEdward John Moreton Drax Plunkett, Baron Dunsany |
| 260 |
_bProject Gutenberg, _c2004 |
||
| 505 | 0 | _aA tale of London -- Thirteen at table -- The city on Mallington Moor -- Why the milkman shudders when he perceives the dawn -- The bad old woman in black -- The bird of the difficult eye -- The long porter's tale -- The loot of Loma -- The secret of the sea -- How Ali came to the Black Country -- The Bureau d'Exchange de Maux -- A story of land and sea -- A tale of the equator -- A narrow escape -- The watch-tower -- How Plash-Goo came to the land of None's Desire -- The three sailors' gambit -- The exiles' club -- The three infernal jokes. | |
| 506 | _aPublic domain in the USA. | ||
| 516 | _aElectronic text | ||
| 653 | _aFantasy fiction, English | ||
| 830 | 0 |
_aProject Gutenberg _v13821 |
|
| 856 | 4 | 0 | _uhttp://www.gutenberg.org/ebooks/13821 |
| 942 | _cEB | ||
| 999 |
_c243076 _d243076 |
||